[Event "Marienbad Open 2024 - B1 IM Round Robin"]
[Site "Continental hotel, Marianske Lazne"]
[Date "2024.01.17"]
[Round "6"]
[Board "1"]
[White "Jurek, Josef"]
[Black "Kulkarni, Bhakti"]
[Result "0-1"]
[WhiteElo "2242"]
[BlackElo "2364"]
[PlyCount "0"]
[EventDate "2024.01.13"]
[EventRounds "9"]
[EventCountry "CZE"]

1. Nf3 Nf6 2. c4 e6 3. g3 d5 4. Bg2 d4 5. O-O c5 6. e3 Nc6 7. exd4 cxd4 8. d3 Bd6
9. Bg5 h6 10. Bxf6 Qxf6 11. Nbd2 Qe7 12. Re1 O-O 13. a3 a5 14. Nb3 Qf6 15. Nfd2 Bc7
16. f4 e5 17. fxe5 Nxe5 18. Ne4 Qg6 19. Nf2 f5 20. Nd2 f4 21. Nde4 fxg3 22. hxg3
Bg4 23. Qb3 Nf3+ 24. Kf1 Bxg3 25. Qxb7 Nh2+ 26. Kg1 Bxf2+  0-1

[Event "Marienbad Open 2024 - B1 IM Round Robin"]
[Site "Continental hotel, Marianske Lazne"]
[Date "2024.01.17"]
[Round "6"]
[Board "2"]
[White "Zdybel, Przemyslaw"]
[Black "Hak, David"]
[Result "1-0"]
[WhiteElo "2180"]
[BlackElo "2310"]
[PlyCount "0"]
[EventDate "2024.01.13"]
[EventRounds "9"]
[EventCountry "CZE"]

1. d4 Nf6 2. c4 e6 3. Nc3 Bb4 4. e3 c5 5. Nge2 cxd4 6. exd4 O-O 7. a3 Be7 8. d5 exd5
9. cxd5 Bc5 10. b4 Bb6 11. Ng3 Re8+ 12. Be2 Ng4 13. Nge4 Nxf2 14. Nxf2 Qf6 15. Nfe4
Rxe4 16. Nxe4 Qxa1 17. Qc2 Na6 18. Qb2 Qxb2 19. Bxb2 Nc7 20. Bc4 d6 21. Nxd6 Bg4
22. Rf1 Bh5 23. Nxb7 Re8+ 24. Kd2 Be3+ 25. Kc2 Bg6+ 26. Kb3 Rb8 27. Na5 Rd8 28. Nc6
Rd7 29. Ne5 Rd6 30. Nxg6 hxg6 31. Re1 Bb6 32. a4 Bf2 33. Re2 Bh4 34. Be5 Rd7 35.
d6 Ne6 36. Bxe6 fxe6 37. Rc2 Bd8 38. b5 Kf7 39. Kb4 Ke8 40. a5 Rf7 41. Rc6 Rf5 42.
Bg3 Rf1 43. Ra6 Rb1+ 44. Kc4 Rc1+ 45. Kd3 Rd1+ 46. Ke4 Rd5 47. Rxa7 Rxb5 48. a6 Ra5
49. Bf2 Ra2 50. d7+ Kf7 51. Bc5 Ra4+ 52. Kd3 Ra1 53. Ra8 Rd1+ 54. Kc4 Rxd7 55. a7
Be7 56. Rc8  1-0

[Event "Marienbad Open 2024 - B1 IM Round Robin"]
[Site "Continental hotel, Marianske Lazne"]
[Date "2024.01.17"]
[Round "6"]
[Board "4"]
[White "Rasmussen, Casper"]
[Black "Lima, Stefan Moisei VIeira"]
[Result "1-0"]
[WhiteElo "2265"]
[BlackElo "2173"]
[PlyCount "0"]
[EventDate "2024.01.13"]
[EventRounds "9"]
[EventCountry "CZE"]

1. Nf3 d5 2. d4 e6 3. c4 a6 4. cxd5 exd5 5. Nc3 c6 6. h3 Bd6 7. Bg5 Ne7 8. e4 dxe4
9. Nxe4 h6 10. Nxd6+ Qxd6 11. Bd2 O-O 12. Be2 Be6 13. O-O Nd7 14. a3 Nd5 15. Re1
Bf5 16. Bf1 Rfe8 17. Qb3 Be4 18. Ne5 Nxe5 19. Rxe4 Ng6 20. Rxe8+ Rxe8 21. Qxb7 Rb8
22. Qxa6 Rxb2 23. Bc1 Rb8 24. Qd3 Ngf4 25. Qe4 Ne6 26. Qe5 Qd8 27. Bc4 Ra8 28. Be3
Ra5 29. Bd2 Ra4 30. Rb1 Qf6 31. Qxf6 Nxf6 32. Rb8+ Kh7 33. Bxe6 fxe6 34. Bb4 Nd5
35. Bc5 Rc4 36. Re8 Nf4 37. Kh2 Rc2 38. Kg3 g5 39. Kf3 Nd3 40. Re7+ Kg8 41. Rxe6
Kh7 42. Rxc6 Nxf2 43. Rc7+ Kg6 44. Rc6+ Kh7 45. a4 Nd3 46. a5 Ra2 47. a6 Kg7 48.
a7 Nxc5 49. Rc7+  1-0

[Event "Marienbad Open 2024 - B1 IM Round Robin"]
[Site "Continental hotel, Marianske Lazne"]
[Date "2024.01.18"]
[Round "7"]
[Board "3"]
[White "Dobrowolski, Piotr"]
[Black "Rasmussen, Casper"]
[Result "1-0"]
[WhiteElo "2401"]
[BlackElo "2265"]
[PlyCount "0"]
[EventDate "2024.01.13"]
[EventRounds "9"]
[EventCountry "CZE"]

1. e4 e5 2. Nf3 Nf6 3. d4 Nxe4 4. dxe5 d5 5. Nbd2 Nxd2 6. Bxd2 Be7 7. Bd3 Bg4 8.
h3 Bh5 9. O-O Nc6 10. Re1 O-O 11. c3 Qd7 12. Qc2 Bxf3 13. Bxh7+ Kh8 14. Bf5 Qd8 15.
gxf3 Bc5 16. Qa4 d4 17. Rad1 g6 18. Bg4 Qh4 19. c4 d3 20. Be3 Bb4 21. Rf1 Rad8 22.
Kg2 f5 23. exf6 Qxf6 24. Qb5 Qe5 25. a3 Bd6 26. f4 Rxf4 27. Qxe5+ Bxe5 28. Bxf4 Bxf4
29. Rfe1 d2 30. Re4 g5 31. h4 Rd4 32. Rxd4 Nxd4 33. hxg5 Kg7 34. Rh1 Kg6 35. Bd1
Kxg5 36. Rh5+ Kf6 37. Rd5 Ne6 38. Kf3 c6 39. Rd7 Ke5 40. Rxb7 Nd4+ 41. Kg4  1-0

[Event "Marienbad Open 2024 - A2 GM Round Robin"]
[Site "Continental hotel, Marianske Lazne"]
[Date "2024.01.15"]
[Round "3"]
[Board "3"]
[White "Raczek, Krzysztof"]
[Black "Plat, Vojtech"]
[Result "0-1"]
[WhiteElo "2347"]
[BlackElo "2516"]
[PlyCount "0"]
[EventDate "2024.01.13"]
[EventRounds "9"]
[EventCountry "CZE"]

1. e4 e5 2. Nf3 d6 3. d4 exd4 4. Nxd4 Nf6 5. Nc3 Be7 6. Bf4 Nc6 7. Qd2 O-O 8. O-O-O
Nxd4 9. Qxd4 Be6 10. f3 a6 11. g4 b5 12. h4 c5 13. Qe3 Re8 14. g5 Nh5 15. Bh2 Bf8
16. Be2 g6 17. Nd5 Bg7 18. Kb1 Bd4 19. Rxd4 cxd4 20. Qxd4 Bxd5 21. Qxd5 Qb6 22. Bg1
Qc7 23. Be3 Rac8 24. Bd3 Qc6 25. Qd4 Qc5 26. c3 Qe5 27. Rd1 Qg3 28. a4 bxa4 29. Bxa6
Rb8 30. Bc4 a3 31. b3 Qxf3 32. Rf1 Qxe4+ 33. Qxe4 Rxe4 34. Bxf7+ Kg7 35. Bd4+ Rxd4
36. cxd4 Ng3 37. Rg1 Ne2 38. Re1 Kxf7 39. Rxe2 Rxb3+ 40. Ka1 Rd3 41. Re4 d5 42. Re5
Rxd4 43. Ka2 Rxh4 44. Rxd5 Rh5 45. Rc5 Rh3 46. Re5 Rf3 47. Ra5 Ke6 48. Ra7 Kf5 49.
Rf7+ Kg4 50. Rxh7 Kxg5  0-1

[Event "Marienbad Open 2024 - A2 GM Round Robin"]
[Site "Continental hotel, Marianske Lazne"]
[Date "2024.01.15"]
[Round "3"]
[Board "5"]
[White "Braeuer, Franz"]
[Black "Can, Isik"]
[Result "1/2-1/2"]
[WhiteElo "2428"]
[BlackElo "2500"]
[PlyCount "0"]
[EventDate "2024.01.13"]
[EventRounds "9"]
[EventCountry "CZE"]

1. e4 c5 2. Nf3 d6 3. d4 cxd4 4. Qxd4 Nc6 5. Qe3 Nf6 6. Be2 g6 7. O-O Bg7 8. h3 O-O
9. Rd1 Be6 10. Nc3 Rc8 11. Bd2 a6 12. Be1 Nd7 13. Rab1 Nb4 14. Qd2 Bxc3 15. bxc3
Nxa2 16. Qh6 f6 17. Nd4 Bf7 18. Bg4 Nc5 19. Nf5 Ne6  1/2-1/2

[Event "Marienbad Open 2024 - A2 GM Round Robin"]
[Site "Continental hotel, Marianske Lazne"]
[Date "2024.01.16"]
[Round "4"]
[Board "1"]
[White "Morris, James"]
[Black "Can, Isik"]
[Result "1-0"]
[WhiteElo "2416"]
[BlackElo "2500"]
[PlyCount "0"]
[EventDate "2024.01.13"]
[EventRounds "9"]
[EventCountry "CZE"]

1. e4 c5 2. Nf3 e6 3. d4 cxd4 4. Nxd4 Nc6 5. Nc3 Qc7 6. g3 a6 7. Bg2 d6 8. O-O Bd7
9. Re1 Be7 10. Nxc6 Bxc6 11. Ne2 Nf6 12. Nd4 Bd7 13. a4 O-O 14. a5 Rac8 15. Be3 g6
16. c3 h5 17. h3 e5 18. Nc2 Be6 19. Nb4 h4 20. g4 Nh7 21. Qd2 Qd8 22. f4 exf4 23.
Bb6 Qd7 24. Qxf4 Bf6 25. Rad1 Be5 26. Qe3 Qe7 27. Nd3 Bg3 28. Bd4 Qg5 29. Qxg5 Nxg5
30. Re3 Bb3 31. Ra1 Bc4 32. Bf6 Nh7 33. Bd4 Rfe8 34. Nb4 Ng5 35. Nd5 Bxd5 36. exd5
f5 37. gxf5 gxf5 38. Rf1 f4 39. Rxg3 hxg3 40. h4 f3 41. hxg5 fxg2 42. Kxg2 Rf8 43.
Rh1 Kf7 44. Kxg3 Rce8 45. Kg4 Re2 46. Rh7+ Ke8 47. Rxb7 Rg2+ 48. Kh5 Rf5 49. Bf6
Rxd5 50. Re7+ Kf8 51. Kg6 Rb5 52. Rd7 Re2 53. b4 Re6 54. Ra7 Ke8 55. Rxa6  1-0

[Event "Marienbad Open 2024 - A2 GM Round Robin"]
[Site "Continental hotel, Marianske Lazne"]
[Date "2024.01.16"]
[Round "4"]
[Board "3"]
[White "Plat, Vojtech"]
[Black "Nguyen, Alex Dac-Vuong"]
[Result "1/2-1/2"]
[WhiteElo "2516"]
[BlackElo "2347"]
[PlyCount "0"]
[EventDate "2024.01.13"]
[EventRounds "9"]
[EventCountry "CZE"]

1. e4 e6 2. d4 d5 3. Nc3 Nf6 4. Bg5 dxe4 5. Nxe4 Nbd7 6. Nf3 Be7 7. Nxf6+ Nxf6 8.
Bd3 c5 9. dxc5 Qa5+ 10. c3 Qxc5 11. O-O b6 12. Qe2 Bb7 13. Bb5+ Bc6 14. Bxc6+ Qxc6
15. Ne5 Qa4 16. b3 Qa5 17. b4 Qa4 18. Qf3 O-O 19. Nc6 Bd8 20. Nxd8 Rfxd8 21. Bxf6
gxf6 22. Qxf6 Rd5 23. Rfe1 Rad8 24. h4 Qc2 25. Re3 Qf5 26. Qh6 Kh8 27. Rg3 Rg8 28.
Re1 Rxg3 29. fxg3 Kg8 30. Kh2 Rd3 31. Re3 Rd1 32. Qf4 Qxf4 33. gxf4 Ra1 34. Rg3+
Kf8 35. h5 h6 36. f5  1/2-1/2

[Event "Marienbad Open 2024 - A2 GM Round Robin"]
[Site "Continental hotel, Marianske Lazne"]
[Date "2024.01.16"]
[Round "5"]
[Board "1"]
[White "Lalic, Bogdan"]
[Black "Morris, James"]
[Result "1/2-1/2"]
[WhiteElo "2349"]
[BlackElo "2416"]
[PlyCount "0"]
[EventDate "2024.01.13"]
[EventRounds "9"]
[EventCountry "CZE"]

1. d4 Nf6 2. c4 e6 3. Nf3 Bb4+ 4. Bd2 a5 5. Nc3 d5 6. e3 O-O 7. Bd3 b6 8. Rc1 Bb7
9. a3 Be7 10. O-O Nbd7 11. cxd5 exd5 12. Qc2 Re8 13. Ne5  1/2-1/2

[Event "Marienbad Open 2024 - A2 GM Round Robin"]
[Site "Continental hotel, Marianske Lazne"]
[Date "2024.01.16"]
[Round "5"]
[Board "2"]
[White "Raczek, Krzysztof"]
[Black "Rasik, Vitezslav"]
[Result "1/2-1/2"]
[WhiteElo "2347"]
[BlackElo "2406"]
[PlyCount "0"]
[EventDate "2024.01.13"]
[EventRounds "9"]
[EventCountry "CZE"]

1. e4 c5 2. Nf3 e6 3. d4 cxd4 4. Nxd4 Nf6 5. Nc3 Bb4 6. e5 Nd5 7. Bd2 Bxc3 8. bxc3
O-O 9. Bd3 d6 10. exd6 Qxd6 11. O-O a6  1/2-1/2

[Event "Marienbad Open 2024 - A2 GM Round Robin"]
[Site "Continental hotel, Marianske Lazne"]
[Date "2024.01.16"]
[Round "5"]
[Board "4"]
[White "Braeuer, Franz"]
[Black "Plat, Vojtech"]
[Result "1/2-1/2"]
[WhiteElo "2428"]
[BlackElo "2516"]
[PlyCount "0"]
[EventDate "2024.01.13"]
[EventRounds "9"]
[EventCountry "CZE"]

1. e4 d6 2. d4 Nf6 3. Nc3 e5 4. Nf3 Nbd7 5. Bc4 Be7 6. O-O O-O 7. a4 a5 8. h3 c6
9. Re1 Nb6 10. Ba2 Nfd7  1/2-1/2

[Event "Marienbad Open 2024 - A2 GM Round Robin"]
[Site "Continental hotel, Marianske Lazne"]
[Date "2024.01.16"]
[Round "5"]
[Board "5"]
[White "Can, Isik"]
[Black "Besou, Hussain"]
[Result "1-0"]
[WhiteElo "2500"]
[BlackElo "2277"]
[PlyCount "0"]
[EventDate "2024.01.13"]
[EventRounds "9"]
[EventCountry "CZE"]

1. e4 c6 2. d4 d5 3. e5 Bf5 4. Nf3 e6 5. Be2 Ne7 6. c3 h6 7. O-O Nd7 8. a4 a5 9.
Na3 g5 10. Ne1 Bg6 11. f4 Nf5 12. Bd3 gxf4 13. Bxf4 h5 14. Nac2 Qb6 15. Qd2 Qxb2
16. Nf3 Qb6 17. Rab1 Qc7 18. Ne3 Nxe3 19. Bxe3 O-O-O 20. Ng5 Rg8 21. Bxg6 Rxg6 22.
Rxf7 Bh6 23. h4 Rdg8 24. Qe2 Qd8 25. Qxh5 Qe8 26. Rbf1 Nb6 27. Rh7  1-0

[Event "Marienbad Open 2024 - A2 GM Round Robin"]
[Site "Continental hotel, Marianske Lazne"]
[Date "2024.01.17"]
[Round "6"]
[Board "1"]
[White "Morris, James"]
[Black "Besou, Hussain"]
[Result "1-0"]
[WhiteElo "2416"]
[BlackElo "2277"]
[PlyCount "0"]
[EventDate "2024.01.13"]
[EventRounds "9"]
[EventCountry "CZE"]

1. e4 c5 2. Nf3 Nc6 3. Bb5 g6 4. O-O Bg7 5. Re1 Nf6 6. Nc3 O-O 7. e5 Ne8 8. Bxc6
dxc6 9. h3 Nc7 10. d3 b6 11. Ne4 Ne6 12. Ng3 Nd4 13. c3 Nxf3+ 14. Qxf3 Qd5 15. Qxd5
cxd5 16. d4 Ba6 17. Be3 Rfc8 18. f4 e6 19. Nh1 cxd4 20. Bxd4 Bh6 21. g3 g5 22. fxg5
Bxg5 23. Nf2 h5 24. Kg2 Kh7 25. Kf3 Rg8 26. h4 Be7 27. Nh3 Bd3 28. Nf4 Bf5 29. Kf2
Bg4 30. a4 Rgc8 31. a5 Bc5 32. axb6 Bxd4+ 33. cxd4 axb6 34. Rxa8 Rxa8 35. Re3 Ra4
36. Rd3 Rb4 37. b3 Rb5 38. Rc3 Ra5 39. Ke3 Ra1 40. Rd3 b5 41. Rc3 b4 42. Rc7 Kg7
43. Rb7 Rf1 44. Rxb4 Rf3+ 45. Kd2 Rxg3 46. Rb8 Rf3 47. Nd3 Bf5 48. Nc5 Rf4 49. Ke3
Rxh4 50. b4 Rh1 51. Nd7 h4 52. Nf6 h3 53. Kf4 Bh7 54. Kg3 Rd1 55. Kxh3 Rxd4 56. b5
Rb4 57. b6 d4 58. Kg4 d3+ 59. Kg5  1-0

[Event "Marienbad Open 2024 - A2 GM Round Robin"]
[Site "Continental hotel, Marianske Lazne"]
[Date "2024.01.17"]
[Round "6"]
[Board "3"]
[White "Agdelen, Huseyin Can"]
[Black "Braeuer, Franz"]
[Result "1/2-1/2"]
[WhiteElo "2409"]
[BlackElo "2428"]
[PlyCount "0"]
[EventDate "2024.01.13"]
[EventRounds "9"]
[EventCountry "CZE"]

1. e4 e5 2. Nf3 Nc6 3. Bb5 a6 4. Ba4 Nf6 5. O-O Be7 6. d3 b5 7. Bb3 d6 8. a4 b4 9.
Nbd2 O-O 10. c3 Rb8 11. Re1 h6 12. h3 Na5 13. Bc2 c5 14. Nf1 Be6 15. d4 bxc3 16.
bxc3 Nb3 17. Rb1 Nxc1 18. Rxc1 cxd4 19. cxd4 Qa5 20. Qd2 Qxd2  1/2-1/2

[Event "Marienbad Open 2024 - A2 GM Round Robin"]
[Site "Continental hotel, Marianske Lazne"]
[Date "2024.01.17"]
[Round "6"]
[Board "4"]
[White "Rasik, Vitezslav"]
[Black "Nguyen, Alex Dac-Vuong"]
[Result "1/2-1/2"]
[WhiteElo "2406"]
[BlackElo "2347"]
[PlyCount "0"]
[EventDate "2024.01.13"]
[EventRounds "9"]
[EventCountry "CZE"]

1. e4 e6 2. d3 c5 3. Nf3 Nc6 4. g3 g6 5. Bg2 Bg7 6. O-O d6 7. c3 e5 8. a3 Nf6 9.
d4 exd4 10. cxd4 Bg4 11. dxc5  1/2-1/2

[Event "Marienbad Open 2024 - A2 GM Round Robin"]
[Site "Continental hotel, Marianske Lazne"]
[Date "2024.01.17"]
[Round "6"]
[Board "5"]
[White "Lalic, Bogdan"]
[Black "Raczek, Krzysztof"]
[Result "1-0"]
[WhiteElo "2349"]
[BlackElo "2347"]
[PlyCount "0"]
[EventDate "2024.01.13"]
[EventRounds "9"]
[EventCountry "CZE"]

1. d4 Nf6 2. c4 e6 3. Nf3 d5 4. Nc3 dxc4 5. e3 c5 6. Bxc4 a6 7. a4 Nc6 8. O-O Be7
9. Qe2 O-O 10. Rd1 cxd4 11. Nxd4 Nxd4 12. exd4 Bd6 13. Bg5 h6 14. Bh4 Re8 15. Ne4
Be7 16. Bxf6 Bxf6 17. d5 e5 18. d6 Bf5 19. Bd5 Bxe4 20. Qxe4 Rb8 21. Bxb7 Qb6 22.
d7 Red8 23. Bc8 a5 24. b3 Qa7 25. Qd5 Rb4 26. Rac1 Kh7 27. g3 Kg8 28. Rc5 Rxb3 29.
Rxa5 Qc7 30. Qc5 Qxc5 31. Rxc5 Kf8 32. a5 Ke7 33. a6 Ra3 34. Rcc1 e4 35. Rc4  1-0

[Event "Marienbad Open 2024 - A2 GM Round Robin"]
[Site "Continental hotel, Marianske Lazne"]
[Date "2024.01.18"]
[Round "7"]
[Board "1"]
[White "Raczek, Krzysztof"]
[Black "Morris, James"]
[Result "0-1"]
[WhiteElo "2347"]
[BlackElo "2416"]
[PlyCount "0"]
[EventDate "2024.01.13"]
[EventRounds "9"]
[EventCountry "CZE"]

1. Nf3 d5 2. e3 c5 3. b3 Nf6 4. Bb2 Nc6 5. Bb5 Bd7 6. O-O g6 7. e4 dxe4 8. Ng5 Nd4
9. Bc4 e6 10. Re1 Bg7 11. Nc3 Bc6 12. Ncxe4 Nxe4 13. Nxe4 O-O 14. c3 Nf5 15. Bf1
b6 16. d3 Qc7 17. Qe2 Rad8 18. Rad1 Rd7 19. Bc1 Ne7 20. Qc2 Nd5 21. a3 h6 22. Bb2
Nf6 23. Nxf6+ Bxf6 24. b4 Ba8 25. bxc5 Qxc5 26. Qd2 Bg7 27. d4 Qc6 28. Qe3 Rfd8 29.
Ra1 Rd5 30. Qf3 Qc7 31. Qg3 R8d6 32. Bc1 Rd7 33. Bf4 Qd8 34. Ra2 Bc6 35. h3 Ra5 36.
Bd3 Qe7 37. Rae2 Qf6 38. Bc1 Bb5 39. c4 Bc6 40. d5 exd5 41. Bb2 d4 42. Bc1 Rd8 43.
Qc7 Qd6 44. Re8+ Bxe8 45. Rxe8+ Rxe8 46. Qxd6 Re1+ 47. Bf1 Rxc1 48. g4 Bf8 49. Qd8
Rxa3 50. Kg2 Rc2 51. c5 bxc5 52. Qd5 Raa2 53. Bc4 Rxf2+ 54. Kg1 Rab2 55. h4 Rf4 56.
Kh1 Rbf2 57. Kg1 R2f3 58. Kg2 Rc3 59. h5 d3 60. hxg6 Rcxc4 61. gxf7+ Kg7 62. Qe5+
Kxf7 63. Qd5+ Kg7 64. g5 Rg4+ 65. Kf3 Rcf4+ 66. Ke3 Rxg5  0-1

[Event "Marienbad Open 2024 - A2 GM Round Robin"]
[Site "Continental hotel, Marianske Lazne"]
[Date "2024.01.18"]
[Round "7"]
[Board "2"]
[White "Nguyen, Alex Dac-Vuong"]
[Black "Lalic, Bogdan"]
[Result "1/2-1/2"]
[WhiteElo "2347"]
[BlackElo "2349"]
[PlyCount "0"]
[EventDate "2024.01.13"]
[EventRounds "9"]
[EventCountry "CZE"]

1. e4 e5 2. Nf3 Nc6 3. Bb5 a6 4. Ba4 Nf6 5. O-O Bc5 6. c3 O-O 7. d4 Ba7 8. dxe5 Nxe4
9. Qd5 Nc5 10. Bc2 Ne7 11. Qd1 d5 12. exd6 Qxd6 13. Qxd6 cxd6 14. Nd4 Ne6 15. Nf3
d5 16. Re1 Nc6  1/2-1/2

[Event "Marienbad Open 2024 - A2 GM Round Robin"]
[Site "Continental hotel, Marianske Lazne"]
[Date "2024.01.18"]
[Round "7"]
[Board "3"]
[White "Braeuer, Franz"]
[Black "Rasik, Vitezslav"]
[Result "0-1"]
[WhiteElo "2428"]
[BlackElo "2406"]
[PlyCount "0"]
[EventDate "2024.01.13"]
[EventRounds "9"]
[EventCountry "CZE"]

1. e4 c5 2. Nf3 e6 3. d4 cxd4 4. Nxd4 Nf6 5. Nc3 d6 6. Be3 Be7 7. Qe2 O-O 8. O-O-O
Nc6 9. f4 Qc7 10. g4 Nxd4 11. Rxd4 e5 12. Rc4 Qd8 13. g5 Ne8 14. f5 Bxg5 15. Rg1
Bxe3+ 16. Qxe3 d5 17. exd5 Bxf5 18. Qxe5 Bg6 19. h4 Qf6 20. Qg3 Nd6 21. Rf4 Qe5 22.
Be2 Rac8 23. h5 Bxc2 24. Kxc2 Qxe2+ 25. Kb3 Qe5 26. h6 g6 27. Re1 Nf5 28. Rxe5 Nxg3
29. Re7 Rb8 30. Rb4 f5 31. Rg7+ Kh8 32. Rgxb7 Rxb7 33. Rxb7 f4 34. Nd1 Nf5 35. Rxa7
g5 36. Nf2 Nxh6 37. Ne4 f3 38. d6 f2 39. Nxf2 Rf3+ 40. Kc4 Rxf2 41. Re7 Rd2 42. d7
Ng8 43. Re5 h6 44. a4 Rxd7 45. b4 Kg7 46. b5 Kf6 47. Re1 Ne7 48. a5 g4 49. a6 Nc8
50. Kc5 Rc7+ 51. Kd4 g3 52. Rf1+ Kg5 53. Rf8 h5 54. Ke3 Kg4 55. Rg8+ Kh3 56. Kf3
h4  0-1

[Event "Marienbad Open 2024 - A2 GM Round Robin"]
[Site "Continental hotel, Marianske Lazne"]
[Date "2024.01.18"]
[Round "7"]
[Board "4"]
[White "Can, Isik"]
[Black "Agdelen, Huseyin Can"]
[Result "1-0"]
[WhiteElo "2500"]
[BlackElo "2409"]
[PlyCount "0"]
[EventDate "2024.01.13"]
[EventRounds "9"]
[EventCountry "CZE"]

1. e4 c5 2. Nf3 Nc6 3. d4 cxd4 4. Nxd4 Nf6 5. Nc3 e6 6. Ndb5 d6 7. Bf4 e5 8. Bg5
a6 9. Na3 b5 10. Nd5 Be7 11. Bxf6 Bxf6 12. c3 Rb8 13. Nc2 Bg5 14. a4 bxa4 15. Ncb4
Nxb4 16. cxb4 O-O 17. Qxa4 Bb7 18. Bc4 Bxd5 19. Bxd5 Qb6 20. b3 Be3 21. O-O Bd4 22.
Ra2 Qxb4 23. Qxb4 Rxb4 24. Rxa6 Bc5 25. Ra4 Rfb8 26. Rfa1 g6 27. Kf1 Kg7 28. g4 f6
29. h4 Kh6 30. Rxb4 Rxb4 31. Bc4 Rb8 32. Ke2 Rf8 33. Be6 Re8 34. Bd5 Rb8 35. f3 Kg7
36. Ra6 Rc8 37. Kd3 g5 38. h5 Kf8 39. h6 Ke7 40. b4 Bxb4 41. Ra7+ Kf8 42. Rxh7 Rc3+
43. Ke2 Rc2+ 44. Kd1  1-0

[Event "Marienbad Open 2024 - A2 GM Round Robin"]
[Site "Continental hotel, Marianske Lazne"]
[Date "2024.01.18"]
[Round "7"]
[Board "5"]
[White "Besou, Hussain"]
[Black "Plat, Vojtech"]
[Result "1/2-1/2"]
[WhiteElo "2277"]
[BlackElo "2516"]
[PlyCount "0"]
[EventDate "2024.01.13"]
[EventRounds "9"]
[EventCountry "CZE"]

1. e4 g6 2. d4 Bg7 3. Nc3 d5 4. exd5 Nf6 5. Bc4 Nbd7 6. Nf3 O-O 7. O-O Nb6 8. Bb3
a5 9. a4 Nbxd5 10. Nxd5 Nxd5 11. h3 b6 12. Re1 Bb7 13. c3 Qd6 14. Bg5 e6 15. Qd2
c5 16. Rad1 Rfe8 17. dxc5 Qxc5 18. Nd4 Nf6 19. Be3 Qh5 20. Nb5 Rab8 21. Bf4 Ne4 22.
Rxe4 Bxe4 23. Bxb8 Rxb8 24. Qf4 Qe5 25. Qxe5 Bxe5 26. Re1 f5 27. Bxe6+ Kg7 28. Rd1
Kf6 29. Bb3 Bc6 30. Bc4 g5 31. Be2 Rg8 32. Bf3 Bxf3 33. gxf3 g4 34. fxg4 fxg4 35.
Kg2 gxh3+ 36. Kxh3 h5 37. Rd7 Rg4 38. Rb7 Rxa4 39. Rxb6+ Kg5 40. Nd4 Bxd4  1/2-1/2

[Event "Marienbad Open 2024 - A2 GM Round Robin"]
[Site "Continental hotel, Marianske Lazne"]
[Date "2024.01.19"]
[Round "8"]
[Board "1"]
[White "Morris, James"]
[Black "Plat, Vojtech"]
[Result "0-1"]
[WhiteElo "2416"]
[BlackElo "2516"]
[PlyCount "0"]
[EventDate "2024.01.13"]
[EventRounds "9"]
[EventCountry "CZE"]

1. e4 e5 2. Nf3 Nc6 3. Bc4 Be7 4. O-O Nf6 5. d3 O-O 6. Nc3 d6 7. a4 Bg4 8. h3 Bh5
9. Nd5 Nxd5 10. Bxd5 Qc8 11. c3 Nd8 12. d4 c6 13. Bb3 Ne6 14. Be3 Ng5 15. Bxg5 Bxg5
16. Qd3 Bf6 17. d5 c5 18. Nd2 Be7 19. Bd1 Bxd1 20. Rfxd1 f5 21. exf5 Rxf5 22. Ne4
Rf4 23. g3 Rf7 24. Kg2 Qc7 25. a5 Raf8 26. Qe2 a6 27. b4 cxb4 28. cxb4 Qd7 29. Rdb1
Rf3 30. b5 Qf5 31. bxa6 bxa6 32. Ra4 Qf7 33. Rd1 Rb3 34. Rc4 Rb2 35. Qg4 Kh8 36.
Rc8 Bd8 37. Rc3 Bxa5 38. Rf3 Qxf3+ 39. Qxf3 Rxf3 40. Kxf3 Bb4 41. Rc1 h6 42. Kg4
Kh7 43. h4 Re2 44. f3 Re3 45. Rc7 Kg8 46. Kf5 Rxf3+ 47. Kg6 Kf8 48. Rxg7 Re3 49.
Rf7+ Ke8 50. Nf6+ Kd8 51. g4 a5 52. g5 hxg5 53. h5 Rh3 54. h6 e4 55. Nxe4 g4 56.
Rf4 g3 57. Rg4 Be1 58. h7 a4 59. Ng5 Rh1 60. Nf7+ Kd7 61. Nh6 Bc3 62. Rxg3 Bb2 63.
Ra3 Rg1+ 64. Kf5 Ra1 65. Rh3 a3 66. Rb3 Kc7 67. Kg4 Rh1 68. Rxb2 axb2 69. h8=Q b1=Q
70. Qc3+ Kb8 71. Qh8+ Kb7 72. Qg7+ Ka6 73. Qf8 Qg1+  0-1

[Event "Marienbad Open 2024 - A2 GM Round Robin"]
[Site "Continental hotel, Marianske Lazne"]
[Date "2024.01.19"]
[Round "8"]
[Board "3"]
[White "Rasik, Vitezslav"]
[Black "Can, Isik"]
[Result "1/2-1/2"]
[WhiteElo "2406"]
[BlackElo "2500"]
[PlyCount "0"]
[EventDate "2024.01.13"]
[EventRounds "9"]
[EventCountry "CZE"]

1. e4 c6 2. Nc3 d5 3. Nf3 Bg4 4. h3 Bxf3 5. Qxf3 e6 6. Be2 Bc5 7. O-O Ne7 8. Re1
Nd7 9. Bf1 d4 10. Nb1 g5 11. d3 Ng6 12. Qh5 h6 13. Nd2 Nge5 14. a3 a5 15. Nb3 Bb6
16. c3 Nc5 17. Nxd4 Ncxd3 18. Bxd3 Nxd3 19. Rd1 Nxc1  1/2-1/2

[Event "Marienbad Open 2024 - B2 IM Round Robin"]
[Site "Continental hotel, Marianske Lazne"]
[Date "2024.01.14"]
[Round "2"]
[Board "1"]
[White "Wang, Yukun"]
[Black "Pavlis, Matej"]
[Result "1-0"]
[WhiteElo "2117"]
[BlackElo "2088"]
[PlyCount "0"]
[EventDate "2024.01.13"]
[EventRounds "9"]
[EventCountry "CZE"]

1. e4 c5 2. Nf3 d6 3. d4 cxd4 4. Nxd4 Nf6 5. Nc3 a6 6. Be3 e5 7. Nb3 Be6 8. f3 Be7
9. Qd2 h5 10. Be2 O-O 11. O-O-O Nbd7 12. g4 hxg4 13. Rhg1 b5 14. Nd5 Bxd5 15. exd5
Nb6 16. fxg4 Nfxd5 17. g5 Nxe3 18. Qxe3 Nc4 19. Bxc4 bxc4 20. Nd2 Rc8 21. Ne4 Rc6
22. Qf3 d5 23. Rxd5 Qb6 24. Rf1 c3 25. bxc3 Qc7 26. Qd3 Rc8 27. Kd2 Re6 28. h4 Qc6
29. h5 Qa4 30. h6 Rg6 31. h7+ Kh8 32. Rxf7 Qe8 33. Rf5 Kxh7 34. Rfxe5 Qf7 35. Qh3+
 1-0

[Event "Marienbad Open 2024 - B2 IM Round Robin"]
[Site "Continental hotel, Marianske Lazne"]
[Date "2024.01.16"]
[Round "4"]
[Board "1"]
[White "Wang, Yukun"]
[Black "Balinski, Damian"]
[Result "1/2-1/2"]
[WhiteElo "2117"]
[BlackElo "2226"]
[PlyCount "0"]
[EventDate "2024.01.13"]
[EventRounds "9"]
[EventCountry "CZE"]

1. e4 e5 2. Nf3 Nf6 3. Nxe5 d6 4. Nf3 Nxe4 5. Nc3 Nxc3 6. dxc3 Be7 7. Be3 Nc6 8.
Qd2 Be6 9. O-O-O Qd7 10. a3 a6 11. Ng5 Bf5 12. Bc4 O-O 13. f4 Bxg5 14. fxg5 Ne5 15.
Bb3 b5 16. h4 Nc4 17. Qf2 Rae8 18. Bf4 Bg4  1/2-1/2

[Event "Marienbad Open 2024 - B2 IM Round Robin"]
[Site "Continental hotel, Marianske Lazne"]
[Date "2024.01.16"]
[Round "4"]
[Board "4"]
[White "Lima, Darcy"]
[Black "Plischki, Sebastian"]
[Result "1-0"]
[WhiteElo "2370"]
[BlackElo "2345"]
[PlyCount "0"]
[EventDate "2024.01.13"]
[EventRounds "9"]
[EventCountry "CZE"]

1. c4 e6 2. Nf3 d5 3. g3 d4 4. Bg2 Nc6 5. O-O Bc5 6. d3 Nf6 7. Nbd2 a5 8. Nb3 Be7
9. e3 dxe3 10. Bxe3 Ng4 11. Bc5 O-O 12. Bxe7 Qxe7 13. a4 Qb4 14. Qc2 e5 15. Rfe1
f6 16. h3 Nh6 17. d4 exd4 18. Nfxd4 Nxd4 19. Nxd4 c6 20. Rad1 Bd7 21. Re3 Rad8 22.
Red3 Nf7 23. c5 Ne5 24. Ne6 Nxd3 25. Nxd8 Bf5 26. Rxd3 Bxd3 27. Qxd3 Qxa4 28. Ne6
 1-0